Revista de psicoanálisis de Madrid / (Record no. 1993)

MARC details
000 -LEADER
campo de control de longitud fija 00855nas a2200253 i 4500
001 - NÚMERO DE CONTROL
campo de control 1993
003 - IDENTIFICADOR DE NÚMERO DE CONTROL
campo de control ES-MaACL
005 - FECHA Y HORA DE LA ÚLTIMA TRANSACCIÓN
campo de control 20250822062541.0
007 - CAMPO FIJO DE DESCRIPCIÓN FÍSICA--INFORMACIÓN GENERAL
campo de control de longitud fija t|
008 - DATOS DE LONGITUD FIJA--INFORMACIÓN GENERAL
campo de control de longitud fija 950801c1985 sp | | 1 ||pa d
245 00 - MENCIÓN DEL TÍTULO
Título Revista de psicoanálisis de Madrid /
Mención de responsabilidad, etc. Asociación Psicoanalítica de Madrid.
260 ## - PUBLICACIÓN, DISTRIBUCIÓN, ETC.
Lugar de publicación, distribución, etc. Madrid :
Nombre del editor, distribuidor, etc. ASM,
Fecha de publicación, distribución, etc. 1985-
300 ## - DESCRIPCIÓN FÍSICA
Extensión 21 v. ;
Dimensiones 25 cm.
310 ## - PERIODICIDAD ACTUAL
Periodicidad actual Semestral
362 0# - FECHAS DE PUBLICACIÓN Y/O DESIGNACIÓN SECUENCIAL
Fecha de publicación y/o designación secuencial N. 1 (mayo 1985)-
650 17 - PUNTO DE ACCESO ADICIONAL DE MATERIA--TÉRMINO DE MATERIA
Término de materia o nombre geográfico como elemento de entrada Psicología
Fuente del encabezamiento o término embne
9 (RLIN) 16540
710 2# - ENTRADA AGREGADA--NOMBRE DE ENTIDAD CORPORATIVA
Nombre de entidad corporativa o nombre de jurisdicción como elemento de entrada Asociación Psicoanalítica de Madrid.
9 (RLIN) 1790
852 ## - LOCALIZACIÓN
Ubicación ES-MaACL
Número de control de estantería Hem-1722
itemnumber 2032
Ubicación en estantería Hemeroteca
Nota libre Revista viva: Donación
856 ## - LOCALIZACIÓN Y ACCESO ELECTRÓNICOS
Identificador Uniforme de Recursos <a href="https://dialnet.unirioja.es/servlet/revista?codigo=6215">https://dialnet.unirioja.es/servlet/revista?codigo=6215</a>
Texto de enlace Acceso a sumarios en Dialnet
866 #0 - MENCIÓN TEXTUAL DE FONDOS--UNIDAD BIBLIOGRÁFICA BÁSICA
Fondos (1985f.n.1)1986, 2018, 2023-2024-
942 ## - ELEMENTOS DE ENTRADA SECUNDARIOS (KOHA)
Fuente del sistema de clasificación o colocación Clasificación decimal universal
Tipo de ítem Koha Revista
Holdings
Estatus retirado Estado de pérdida Fuente del sistema de clasificación o colocación Especificación de materiales (volumen encuadernado u otra parte) Estado de daño No para préstamo Colección Biblioteca de origen Biblioteca actual Ubicación en estantería Fecha de adquisición Fuente de adquisición Total de préstamos Signatura topográfica completa Código de barras Visto por última vez Precio de reemplazo Tipo de ítem Koha
    Clasificación decimal universal Ultimo número recibido: 2024 (N.101)     Periódicos y Revistas Biblioteca del Ateneo de Madrid Biblioteca del Ateneo de Madrid Hemeroteca 17/01/2008 Donación   Hem-1722 (Cº 42) 1002032 23/02/2023 23/02/2023 Revista